| 000 | 00970nam a2200265 4500 | ||
|---|---|---|---|
| 001 | 11166 | ||
| 003 | BD-RjUL | ||
| 005 | 20211208235100.0 | ||
| 008 | 140126s1975 nyuaf b 000 0 eng | ||
| 020 | _a0677307608 | ||
| 035 | _a(BD-RjUL)11215 | ||
| 040 |
_aDLC _cDLC _dDLC _dBD-RjUL _beng |
||
| 041 | 1 | _aengger | |
| 082 | 0 | 0 |
_a572.4 _bLAN 1975 _223 |
| 100 | 1 |
_aLangen, Peter. _934541 |
|
| 245 | 1 | 0 |
_aAntimetabolites of nucleic acid metabolism : _bthe biochemical basis of their action, with special reference to their application in cancer therapy / _cPeter Langen ; translated from the German by Thomas A. Scott. |
| 260 |
_aNew York : _bGordon and Breach, _cc1975. |
||
| 300 |
_axii, 273 p. : _bill. ; _c25 cm. |
||
| 500 | _aTranslation of Antimetabolite des Nucleinsäure-Stoffwechsels. | ||
| 504 | _aIncludes Bibliography | ||
| 650 | 0 |
_aMetabolism. _9215782 |
|
| 650 | 0 |
_aAntimetabolites. _9205207 |
|
| 650 | 0 |
_aNucleic acids _xMetabolism. _934542 |
|
| 942 |
_2ddc _cBK |
||
| 999 |
_c11166 _d11166 |
||